| 000 | 00359pab a2200157 454500 | ||
|---|---|---|---|
| 008 | 180718b2009 xxu||||| |||| 00| 0 eng d | ||
| 100 | _aSankaran, S.R. | ||
| 245 | _aCurbing the power to arrest | ||
| 260 | _c2009 | ||
| 300 | _ap.12-14. | ||
| 362 | _a7 Mar | ||
| 650 | _aPolice | ||
| 773 | _aEconomic and Political Weekly | ||
| 908 | _aN | ||
| 909 | _a81645 | ||
| 999 |
_c81645 _d81645 |
||